| 000 | 00000cam 2200000zi 4500 |
| 001 | 9.954230 |
| 003 | CaOODSP |
| 005 | 20260602104734 |
| 006 | m o d f |
| 007 | cr cn||||||||| |
| 008 | 250819t20252025onc o f000 0 eng d |
| 020 | |a9780660785325 |
| 040 | |aCaOODSP|beng|erda|cCaOODSP |
| 043 | |an-cn--- |
| 086 | 1 |aT94-95/2025E-PDF |
| 245 | 00|aBuild Canada Homes : |bmarket sounding guide. |
| 264 | 1|aOttawa, Ontario : |bHousing, Infrastructure and Communities Canada = Logement, Infrastructures et Collectivités Canada, |c2025. |
| 264 | 4|c©2025 |
| 300 | |a1 online resource (7 pages) |
| 336 | |atext|btxt|2rdacontent |
| 337 | |acomputer|bc|2rdamedia |
| 338 | |aonline resource|bcr|2rdacarrier |
| 500 | |aCover title. |
| 500 | |aIssued also in French under title: Maisons Canada : guide de sondage du marché. |
| 520 | |a"Build Canada Homes will be Canada’s new federal entity responsible for building affordable homes, providing financing to affordable home builders, and catalyzing a more productive homebuilding industry. It will bring together key partners from across the housing ecosystem to get homes built by addressing barriers, reducing risk and helping to navigate the process of building non-market housing. This market sounding guide sets out an initial vision for Build Canada Homes, including its objectives, functions, instruments, investment approach, and implementation"--Introduction, page 3. |
| 650 | 0|aHousing policy|zCanada. |
| 710 | 1 |aCanada. |bHousing, Infrastructure and Communities Canada, |eissuing body. |
| 775 | 08|tMaisons Canada : |w(CaOODSP)9.954231 |
| 856 | 40|qPDF|s460 KB|uhttps://publications.gc.ca/collections/collection_2026/licc-hicc/T94-95-2025-eng.pdf |
| 856 | 4 |qHTML|sN/A|uhttps://housing-infrastructure.canada.ca/bch-mc/market-sounding-guide-sondage-marche-eng.html |